LEADER 01003nam a2200229 i 4500 001 000000239539 003 CaOOAMICUS 005 20150310000000.0 008 150310s1996 it u000 u ita u 013 $a218444 020 $a88-10-11161-3 040 $aSeMil$bita 100 1 $aConferenza Episcopale dell'Emilia Romagna.$0(OLS)http://semarc/name/61893 245 14$aUna voce! Il mio diletto! :$bnota pastorale sugli esercizi spirituali /$cConferenza Episcopale dell'Emilia Romagna. 260 $aBologna :$bEDB,$ccopyr. 1996. 300 $a11 p. ;$c21 cm. 650 4$aEsercizi spirituali - Studi.$0(OLS)http://semarc/subject/17898 850 $aSeMil 852 $aSeMil$W1$xVenegono$y1$m5D VII 18/53$j189885$B189885$CSeMilBibl$Z2$F200716 $81 996 $6020$a88-10-11161-3$9(OLS)http://semarc/number/245583 996 $6245$aUna voce! Il mio diletto! :$bnota pastorale sugli esercizi spirituali$9(OLS)http://semarc/title/341093 996 $6260$aBologna :$bEDB$9(OLS)http://semarc/publisher/29669 LEADER 01350nam a2200229 i 4500 001 000000079135 003 CaOOAMICUS 005 20170327000000.0 008 170327s1993 it u000 u ita u 013 $a51372 040 $aSeMil$bita 100 1 $aBertin, Germano.$0(OLS)http://semarc/name/91159 245 10$aAppartenenza al popolo di Dio nel nuovo codice di diritto canonico :$bdissertatio ad Lauream in Facultate iuris canonici apud Pontificiam Universitatem S. Thomae in Urbe /$cGermano Bertin. 260 $aRomae :$bPontificia Studiorum Universitas a Sancto Thoma Aquinate in Urbe,$c1993. 300 $a304 p. ;$c24 cm. 650 4$aConcilio Vaticano II <1962-1965> - Costituzioni dogmatiche . Lumen Gentium.$0(OLS)http://semarc/subject/3016 650 4$aDiritto canonico - Codice - Libro 2. - Popolo di Dio.$0(OLS)http://semarc/subject/20249 850 $aSeMil 852 $aSeMil$W1$xVenegono$y1$m2J V 7$j44893$B44893$CSeMilBibl$Z2$F46731 $81 961 $aLascito: Coronelli don Renato 996 $6245$aAppartenenza al popolo di Dio nel nuovo codice di diritto canonico :$bdissertatio ad Lauream in Facultate iuris canonici apud Pontificiam Universitatem S. Thomae in Urbe$9(OLS)http://semarc/title/403155 996 $6260$aRomae :$bPontificia Studiorum Universitas a Sancto Thoma Aquinate in Urbe$9(OLS)http://semarc/publisher/42357